Biggest American Cities that start with D on a Map - Statistics

General Stats
  • This quiz has been taken 476 times
  • The average score is 7 of 12
Answers on the Map
Answers color-coded by a green-red scale on the quiz's map according to % correct below.
 
Answer Stats
Population City % Correct
1,304,379 Dallas
99%
639,111 Detroit
99%
715,522 Denver
98%
214,133 Des Moines
86%
137,644 Dayton
70%
283,506 Durham
67%
101,724 Davenport
50%
109,976 Dearborn
43%
139,869 Denton
42%
104,901 Daly City
31%
105,691 Davie
20%
114,355 Downey
19%
No matching quizzes found
Score Distribution
Percent of People with Each Score
Percentile by Number Answered
Your Score History
You have not taken this quiz